An introduction to the solar system / (Record no. 8677)
[ view plain ]
| 000 -LEADER | |
|---|---|
| fixed length control field | 01380cam a22003497a 4500 |
| 001 - CONTROL NUMBER | |
| control field | 13575054 |
| 003 - CONTROL NUMBER IDENTIFIER | |
| control field | OSt |
| 005 - DATE AND TIME OF LATEST TRANSACTION | |
| control field | 20240620155820.0 |
| 008 - FIXED-LENGTH DATA ELEMENTS--GENERAL INFORMATION | |
| fixed length control field | 040427s2004 enka b 001 0 eng d |
| 010 ## - LIBRARY OF CONGRESS CONTROL NUMBER | |
| LC control number | 2004270358 |
| Canceled/invalid LC control number | 2004300947 |
| 020 ## - INTERNATIONAL STANDARD BOOK NUMBER | |
| International Standard Book Number | 0521837359 |
| 020 ## - INTERNATIONAL STANDARD BOOK NUMBER | |
| International Standard Book Number | 0521546206 (pbk.) |
| 035 ## - SYSTEM CONTROL NUMBER | |
| System control number | (CStRLIN)CUBGGLAD185226078-B |
| 035 ## - SYSTEM CONTROL NUMBER | |
| System control number | (CU)GLAD185226078 |
| 040 ## - CATALOGING SOURCE | |
| Original cataloging agency | MUST LIB |
| Transcribing agency | MUST |
| Modifying agency | MUST |
| 042 ## - AUTHENTICATION CODE | |
| Authentication code | lccopycat |
| 043 ## - GEOGRAPHIC AREA CODE | |
| Geographic area code | zs----- |
| 050 00 - LIBRARY OF CONGRESS CALL NUMBER | |
| Classification number | QB501 |
| Item number | .I59 2004 |
| 082 00 - DEWEY DECIMAL CLASSIFICATION NUMBER | |
| Classification number | 523.2 |
| Edition number | 22 |
| Item number | INT |
| 245 03 - TITLE STATEMENT | |
| Title | An introduction to the solar system / |
| Statement of responsibility, etc. | edited by Neil McBride and Iain Gilmour ; authors, Philip A. Bland ... [et al.]. |
| 260 ## - PUBLICATION, DISTRIBUTION, ETC. (IMPRINT) | |
| Place of publication, distribution, etc. | Cambridge : |
| Name of publisher, distributor, etc. | Open University : |
| -- | Cambridge University Press, |
| Date of publication, distribution, etc. | 2004. |
| 300 ## - PHYSICAL DESCRIPTION | |
| Extent | vi, 412 p. : |
| Other physical details | col. ill. ; |
| Dimensions | 26 cm. |
| 504 ## - BIBLIOGRAPHY, ETC. NOTE | |
| Bibliography, etc | Includes bibliographical references (p. 401) and index. |
| 651 #0 - SUBJECT ADDED ENTRY--GEOGRAPHIC NAME | |
| Geographic name | Solar system |
| Form subdivision | Textbooks. |
| 9 (RLIN) | 8052 |
| 700 1# - ADDED ENTRY--PERSONAL NAME | |
| Personal name | McBride, Neil. |
| 9 (RLIN) | 17549 |
| 700 1# - ADDED ENTRY--PERSONAL NAME | |
| Personal name | Gilmour, Iain. |
| 9 (RLIN) | 17550 |
| 856 41 - ELECTRONIC LOCATION AND ACCESS | |
| Materials specified | Table of contents |
| Uniform Resource Identifier | http://www.loc.gov/catdir/toc/cam051/2004270358.html |
| 856 42 - ELECTRONIC LOCATION AND ACCESS | |
| Materials specified | Publisher description |
| Uniform Resource Identifier | http://www.loc.gov/catdir/description/cam051/2004270358.html |
| 906 ## - LOCAL DATA ELEMENT F, LDF (RLIN) | |
| a | 7 |
| b | cbc |
| c | copycat |
| d | 2 |
| e | ncip |
| f | 20 |
| g | y-gencatlg |
| 942 ## - ADDED ENTRY ELEMENTS (KOHA) | |
| Source of classification or shelving scheme | Dewey Decimal Classification |
| Koha item type | Open Shelf |
| Withdrawn status | Lost status | Source of classification or shelving scheme | Damaged status | Not for loan | Home library | Current library | Date acquired | Source of acquisition | Inventory number | Total Checkouts | Full call number | Barcode | Date last seen | Price effective from | Koha item type |
|---|---|---|---|---|---|---|---|---|---|---|---|---|---|---|---|
| Dewey Decimal Classification | MUST Main Library | MUST Main Library | 20/06/2024 | Purchase | 06/27293 | 523.2 INT | 2024-20955 | 20/06/2024 | 20/06/2024 | Open Shelf |
